LEADER 01623nam a2200325 u 4500 001 000000091372 003 CaOOAMICUS 005 20070226124825.0 008 060320s19801981it a u000 u ita u 035 $a11081866 040 $aPUL(R)$bita 041 0 $aita$hakk 100 1 $aPettinato, Giovanni.$0(OLS)http://pul/name/4553 245 10$aTesti amministrativi della biblioteca L. 2769 /$cdi Giovanni Pettinato ; in collaborazione con Francesco Pomponio. 260 $aNapoli :$b[Herder],$c1980-1981. 300 $a3 v. ;$c32 cm 490 1 $aMateriali epigrafici di Ebla ;$v2 490 1 $aSeries minor (Istituto universitario orientale (Naples, Italy). Dipartimento di studi asiatici) ;$v2 500 $a"Sul front. : "Istituto Universitario Orientale di Napoli. Seminario di Studi Asiatici. Series maior, II". 504 $aComprende bibliografia. 505 1 $av. [1. 1]. - v. [1.2]. - v. [1.2.2] Tavole 651 4$aMesopotamia$xAntichità.$0(OLS)http://pul/subject/10420 700 1 $aPomponio, Francesco.$0(OLS)http://pul/name/13797 830 0$aMateriali epigrafici di Ebla ;$v2.$0(OLS)http://pul/title/117948 830 0$aSeries minor (Istituto universitario orientale (Naples, Italy). Dipartimento di studi asiatici) ;$v2.$0(OLS)http://pul/title/36902 850 $aPUL 852 $aPUL$W1$xDP1 Fondo Gelio$y54$m4 B 3-3.2.2$j115108$nBK-PRI$b $qFondi$B115108$CPULBib$Z2$F115108 $HPUL0263-0264-0266 $81 941 1 $a1 996 $6245$aTesti amministrativi della biblioteca L. 2769$9(OLS)http://pul/title/117952 996 $6260$aNapoli :$b[Herder]$9(OLS)http://pul/publisher/78791 LEADER 00965nam a2200253 a 4500 001 000000132693 003 CaOOAMICUS 005 20130207133415.0 008 130207s2009 it a u000 u ita r 040 $aPUL$bita 082 04$a709 245 00$aRoma :$bgli eventi culturali 2008: MMDCCLXI ab urbe condita. 260 $aRoma :$bIl Parnaso,$c2009?. 300 $a143 p. :$bill. ;$c30 cm 500 $aEd. in 500 esempl. num. 650 4$aArte$zItalia$zRoma.$0(OLS)http://pul/subject/28958 850 $aPUL 852 $aPUL$W1$xDP2 Cons. Gen., Altre Classi 3$y97$m709 PARNA 1$j152644$qDDC 21$B152050$CPULBib$Z2$F152050 $H110536 $82 941 1 $a9 961 $aEsemplare n. 373. 996 $6082$a709$9(OLS)http://pul/classification/2349 996 $6245$aRoma :$bgli eventi culturali 2008: MMDCCLXI ab urbe condita$9(OLS)http://pul/title/167655 996 $6260$aRoma :$bIl Parnaso$9(OLS)http://pul/publisher/82267